[Event "Porto Alegre Oncolinos op"]
[Site "Porto Alegre"]
[Date "2013.11.17"]
[Round "6"]
[White "Jorge, Alberto"]
[Black "Rabuske, Paulo Airton"]
[Result "0-1"]
[WhiteElo "1838"]
[BlackElo "1960"]
[PlyCount "64"]
[EventDate "2013.11.14"]
[EventType "swiss"]
[EventRounds "7"]
[EventCountry "BRA"]
[SourceTitle "EXT 2015"]
[Source "ChessBase"]
[SourceDate "2014.11.20"]
[SourceVersion "1"]
[SourceVersionDate "2014.11.20"]
[SourceQuality "1"]

1. e4 e5 2. Nf3 Nc6 3. Bc4 Nf6 4. 0-0 Be7 5. d4 d6 6. Re1 0-0 7. Nc3 Bg4 8. Be2 Bxf3 9. gxf3 Nxd4 10. Bf1 Ne6 11. Be3 Nh5 12. Nd5 c6 13. Nxe7+ Qxe7 14. Qd2 Nhf4 15. Kh1 f5 16. Bc4 fxe4 17. fxe4 Kh8 18. Rg1 Rf6 19. Rg3 b5 20. Bb3 c5 21. Bd5 Raf8 22. b3 a6 23. a3 Nh5 24. Rg4 Nef4 25. Rf1 Qd7 26. f3 Nxd5 27. Qxd5 Rxf3 28. Rxf3 Rxf3 29. Bh6 Nf6 30. Qa8+ Ng8 31. Rg1 Qh3 32. Qd8 Rf2 0-1

[Event "Porto Alegre Oncolinos op"]
[Site "Porto Alegre"]
[Date "2013.11.17"]
[Round "7"]
[White "Rabuske, Paulo Airton"]
[Black "Souza, Ivan Boere"]
[Result "0-1"]
[WhiteElo "1960"]
[BlackElo "2283"]
[PlyCount "70"]
[EventDate "2013.11.14"]
[EventType "swiss"]
[EventRounds "7"]
[EventCountry "BRA"]
[SourceTitle "EXT 2015"]
[Source "ChessBase"]
[SourceDate "2014.11.20"]
[SourceVersion "1"]
[SourceVersionDate "2014.11.20"]
[SourceQuality "1"]

1. e4 c5 2. Nc3 Nc6 3. Nf3 d6 4. Bb5 Bd7 5. Bxc6 Bxc6 6. 0-0 e5 7. Re1 Ne7 8. d3 Ng6 9. Nd5 Be7 10. Ne3 0-0 11. c4 Kh8 12. Nd2 Nf4 13. Ndf1 g6 14. Nd5 Ne6 15. Bh6 Re8 16. Nxe7 Qxe7 17. Qg4 f5 18. Qd1 Qh4 19. Bc1 f4 20. b4 b6 21. b5 Bd7 22. Bb2 Ng5 23. f3 h5 24. Qe2 Rg8 25. Qf2 Qxf2+ 26. Kxf2 Ne6 27. a4 a5 28. Nd2 g5 29. h3 Raf8 30. Rh1 Kh7 31. Raf1 Rg6 32. Nb1 Ng7 33. Nc3 Be6 34. Ne2 Ne8 35. Bc1 Kg7 0-1

[Event "Porto Alegre Oncolinos op"]
[Site "Porto Alegre"]
[Date "2013.11.15"]
[Round "3"]
[White "Rabuske, Paulo Airton"]
[Black "Goetz, Fabio"]
[Result "1/2-1/2"]
[WhiteElo "1960"]
[BlackElo "1993"]
[PlyCount "109"]
[EventDate "2013.11.14"]
[EventType "swiss"]
[EventRounds "7"]
[EventCountry "BRA"]
[SourceTitle "EXT 2015"]
[Source "ChessBase"]
[SourceDate "2014.11.20"]
[SourceVersion "1"]
[SourceVersionDate "2014.11.20"]
[SourceQuality "1"]

1. e4 c6 2. Nc3 d5 3. d4 dxe4 4. Nxe4 Bf5 5. Ng3 Bg6 6. Nf3 Nd7 7. Bd3 Bxd3 8. Qxd3 e6 9. Bf4 Ngf6 10. 0-0 Be7 11. Rfe1 0-0 12. Rad1 c5 13. dxc5 Bxc5 14. Ne4 Qb6 15. Nxc5 Nxc5 16. Qa3 Nd5 17. Rxd5 exd5 18. Be3 Rac8 19. b4 Qa6 20. Qb2 Ne6 21. Nd4 Nxd4 22. Bxd4 Rfe8 23. Rc1 Qg6 24. c3 b6 25. Qb3 Qg5 26. Rd1 Qd2 27. h3 Re1+ 28. Rxe1 Qxe1+ 29. Kh2 Qe6 30. a4 Re8 31. a5 Qd7 32. Qa2 b5 33. Qd2 a6 34. Qf4 Qe6 35. Qg3 f6 36. Qf4 Rd8 37. g3 Re8 38. h4 Qd7 39. Be3 Qe6 40. Bd4 Qd7 41. Be3 Re6 42. Qb8+ Qe8 43. Qf4 Re5 44. Bd4 Re1 45. Qc7 Qe4 46. Qc8+ Kf7 47. Qd7+ Kg6 48. h5+ Kxh5 49. Qf7+ Kh6 50. Be3+ Rxe3 51. fxe3 Qf3 52. Qb7 Qf2+ 53. Kh1 Qf3+ 54. Kh2 Qe2+ 55. Kh1 1/2-1/2

[Event "Porto Alegre op"]
[Site "Porto Alegre"]
[Date "2013.08.03"]
[Round "3"]
[White "Deste, Dayan Kuhn"]
[Black "Rabuske, Paulo Airton"]
[Result "1-0"]
[WhiteElo "1974"]
[BlackElo "1960"]
[PlyCount "61"]
[EventDate "2013.07.06"]
[EventType "swiss"]
[EventRounds "6"]
[EventCountry "BRA"]
[SourceTitle "EXT 2014"]
[Source "ChessBase"]
[SourceDate "2013.11.20"]
[SourceVersion "1"]
[SourceVersionDate "2013.11.20"]
[SourceQuality "1"]

1. e4 e5 2. Nf3 Nc6 3. Bc4 Bc5 4. c3 Nf6 5. d3 0-0 6. 0-0 d6 7. h3 Na5 8. Bb3 Nxb3 9. axb3 h6 10. Be3 Bxe3 11. fxe3 Nh7 12. Nbd2 Be6 13. b4 c6 14. d4 Qc7 15. Qe1 a5 16. bxa5 Rxa5 17. b4 Rxa1 18. Qxa1 Ng5 19. Qa7 exd4 20. exd4 Nxf3+ 21. Nxf3 f5 22. e5 dxe5 23. Nxe5 Kh7 24. Qc5 Rc8 25. Nc4 Bd5 26. Rxf5 Re8 27. Rxd5 Qf4 28. Re5 Qc1+ 29. Kf2 Qf4+ 30. Ke2 Rf8 31. Ne3 1-0